| Tag |
First Indicator |
Second Indicator |
Subfields |
| LEADER |
00000cam a2200000 4500 |
| 001 |
in00000053110 |
| 005 |
20151007080440.0 |
| 008 |
780727r19071882enk 00010 engm |
| 010 |
|
|
|a 08021814
|
| 035 |
|
|
|a (OCoLC)04089535
|
| 035 |
|
|
|9 AAF4837AM
|
| 040 |
|
|
|a DLC
|c AZU
|d AZU
|d TXA
|d UtOrBLW
|
| 049 |
|
|
|a TXAM
|c [5753]
|
| 050 |
0 |
0 |
|a BS1505
|b .S6 1907
|
| 092 |
|
|
|a 224
|b S663p
|
| 100 |
1 |
|
|a Smith, W. Robertson
|q (William Robertson),
|d 1846-1894.
|
| 245 |
1 |
4 |
|a The prophets of Israel and their place in history to the close of the eighth century B. C. /
|c By the late W. Robertson Smith, with introduction and additional notes by the Rev. T. K. Cheyne.
|
| 264 |
|
1 |
|a London :
|b A. and C. Black,
|c 1907.
|
| 300 |
|
|
|a lviii, 446 pages ;
|c 21 cm.
|
| 336 |
|
|
|a text
|b txt
|2 rdacontent
|
| 337 |
|
|
|a unmediated
|b n
|2 rdamedia
|
| 338 |
|
|
|a volume
|b nc
|2 rdacarrier
|
| 500 |
|
|
|a "Published 1882 ... Reissued July 1907."
|
| 630 |
0 |
0 |
|a Bible.
|p Prophets
|x Theology.
|
| 650 |
|
0 |
|a Prophets.
|
| 700 |
1 |
|
|a Cheyne, T. K.
|q (Thomas Kelly),
|d 1841-1915.
|
| 999 |
|
|
|a MARS
|
| 999 |
f |
f |
|s f5be48cc-6a21-3f56-8596-88c30546eeb2
|i 4c09150a-34b5-3c59-b1cf-02118c2d0b6d
|t 0
|
| 952 |
f |
f |
|p ric
|a Texas A&M University
|b Rellis Campus
|c Joint Library Facility
|d Remote Storage
|t 0
|e BS1505 .S6 1907
|h Library of Congress classification
|i unmediated -- volume
|m A14800603449
|
| 998 |
f |
f |
|a BS1505 .S6 1907
|t 0
|l Remote Storage
|